| 000 | 00613cam a2200229 4500 | ||
|---|---|---|---|
| 001 | L155579 | ||
| 008 | 000000n1979 000 0 eng u | ||
| 035 | _a(Sirsi) u155579 | ||
| 041 | _aeng | ||
| 050 | _a692.5 | ||
| 245 | _aGriffiths complete building price book 1979 | ||
| 250 | _a25th ed. | ||
| 260 |
_aBournemouth _bGlenigan Cost Information Services _c1979 |
||
| 300 | _a176p | ||
| 350 | _a85 | ||
| 650 | _aBUILT ENVIRONMENT-BUILDING COSTS | ||
| 650 | _aESTIMATING | ||
| 650 | _aBUILDING PRICE BOOKS | ||
| 651 | 4 | _aENGLAND AND WALES | |
| 690 | _aBUILT ENVIRONMENT-BUILDING COSTS | ||
| 942 | _n0 | ||
| 999 |
_c113677 _d113677 |
||